As 10 melhores jogadoras de futebol feminino do mundo 2024 - Sudden - Statistics

Estatísticas Gerais
  • Esse quiz foi jogado 70 vezes
  • A pontuação média é 2 de 10
Answers on the Grid
Answers color-coded by a green-red scale on the quiz's grid according to % correct below.
Lauren James
Chelsea
Aitana Bonmatí
Barcelona
Trinity Rodman
Washington Spirit
Keira Walsh
Barcelona
Mallory Swanson
Chicago Red Stars
Temwa Chawinga
Kansas City Current
Lauren Hemp
Manchester City
Barbra Banda
Orlando Pride
Lindsey Horan
Lyon
Caroline Graham Hansen
Barcelona
Marie-Antoinette Katoto
PSG
Khadija Shaw
Manchester City
Salma Paralluelo
Barcelona
Naomi Girma
San Diego Wave
Sophia Smith
Portland Thorns
 
Estatísticas das Respostas
Resposta % Correto
Aitana Bonmatí
Barcelona
78%
Salma Paralluelo
Barcelona
25%
Lindsey Horan
Lyon
22%
Trinity Rodman
Washington Spirit
22%
Caroline Graham Hansen
Barcelona
16%
Sophia Smith
Portland Thorns
13%
Naomi Girma
San Diego Wave
9%
Barbra Banda
Orlando Pride
6%
Khadija Shaw
Manchester City
3%
Mallory Swanson
Chicago Red Stars
3%
Nenhum quiz correspondente encontrado
Distribuição das Pontuações
Porcentagem de Pessoas com Cada Pontuação
Percentil de Números Respondidos
Sua Pontuação Histórica
Você não jogou esse quiz